000 00425cam a2200181 4500
001 D11903
008 090401t1918 xxu||||| |||| 00| 0 eng d
035 _a(Sirsi) u208
041 _aeng
100 _aAdkin, B. W.
245 2 _aA handbook of the law relating to landlord and tenant
250 _a4th rev
260 _bEstate Gazette
_c1918
350 _a0
520 _aShelf 113
942 _n0
948 _c04/03/1997
999 _c85484
_d85484